| 000 | 00628nam a2200205 i 4500 | ||
|---|---|---|---|
| 001 | 51324 | ||
| 003 | ES-MaACL | ||
| 005 | 20240524062950.0 | ||
| 007 | t| | ||
| 008 | 030812s1958 sp ||||1| spa d | ||
| 100 | 0 |
_aChesterton, G. K., _d1874-1936 _938399 |
|
| 245 | 1 | 3 |
_aLa hosteria volante / _cpor G.K. Chesterton ; [versión castellana de Mario Pineda]. |
| 260 |
_aBarcelona : _bG.P., _c[1958] ( _fGuada) |
||
| 300 |
_a191 p. ; _c18 cm. |
||
| 490 | 1 | _aLibros Plaza | |
| 700 | 1 |
_aPineda, Mario. _992100 |
|
| 830 | 0 |
_aLibros Plaza _9181449 |
|
| 852 |
_aES-MaACL _jC-13982 _bR.41892 |
||
| 999 |
_c51324 _d51324 |
||